| 000 | 01282nam2a2200253 4500 | ||
|---|---|---|---|
| 001 | RU\NLR\BIBL_A\016253215 | ||
| 005 | 20250625012837.0 | ||
| 035 | _a(NLR Aleph) 016253215 | ||
| 090 |
_a12834465 _c12834465 |
||
| 100 | _a20230110d2022 |||y0rusy50 ca | ||
| 101 | 0 | _arus | |
| 102 | _aRU | ||
| 200 | 1 | _aПушкин наш. И всё! | |
| 210 |
_d2022 _aБ. м. |
||
| 461 | 0 |
_1001RU\NLR\INFOCOMM10\1000295511 _12001#$aРодина$eЕжемес. обществ.-полит., науч.-попул. ил. журн.$eИзд. газ. "Правда"$v2022, спец. вып. (нояб.) _94305210 _cМ. _d1989 - _nПравда _oЕжемес. обществ.-полит., науч.-попул. ил. журн. : Изд. газ. "Правда" _tРодина _x0235-7089 _v2022, спец. вып. (нояб.) |
|
| 600 | 1 |
_aПушкин _bА.С. _f1799 - 1837 _gАлександр Сергеевич _jСборники _xИзучение в школе _92016379 _3RU\NLR\AUTH\66927536 |
|
| 607 |
_aРоссия _jСборники _xИстория _xМатериалы для педагогов _92423808 _3RU\NLR\AUTH\6601661745 |
||
| 686 | 1 | _aЧ426.21(2)315.8Пушкин.я43 | |
| 686 | 1 | _aЧ426.32ф.я43 | |
| 852 |
_aNLR _jП23/3295 |
||
| 942 | _cISSUE | ||
| 980 | _aNB | ||
| 980 | _aRUSPER | ||